000 00596nam a2200229Ia 4500
005 20260320201950.0
008 008 262003s9999 xx 000 0 eng d
037 _aEBOOK
040 _aCRL
040 _beng
040 _cCRL
041 _2eng
041 _aeng
084 _qCRL
100 _aDuldulao
_91135931
245 0 _aSpring Boot and Angular: Hands-on full stack web development with Java, Spring, and Angular
260 _bIEEE
856 _uhttps://ieeexplore.ieee.org/servlet/opac?bknumber=10162385
942 _cEBOOK
999 _c1724543
_d1724543